[Event "POL-ch Universities"]
[Site "Lublin"]
[Date "2024.02.24"]
[Round "6"]
[White "Koziorowicz, Michal"]
[Black "Dalkowski, Rafal"]
[Result "0-1"]
[WhiteElo "2324"]
[BlackElo "2093"]
[PlyCount "108"]
[EventDate "2024.02.23"]
[EventType "swiss"]
[EventRounds "9"]
[EventCountry "POL"]
[SourceTitle "CB10_2024"]
[SourceDate "2024.03.06"]
[SourceVersion "1"]
[SourceVersionDate "2024.03.06"]
[SourceQuality "1"]

1. e4 c6 2. d4 d5 3. e5 Bf5 4. Nc3 e6 5. g4 Bg6 6. Nge2 h5 7. Nf4 Bh7 8. g5 Bf5 9. Nxh5 c5 10. Nb5 Nc6 11. Nd6+ Bxd6 12. Nxg7+ Kf8 13. Nxf5 exf5 14. exd6 Qxd6 15. dxc5 Re8+ 16. Be2 Qxc5 17. Be3 d4 18. Bf4 Qb4+ 19. Qd2 Qb5 20. a4 Qd5 21. 0-0 Nge7 22. c4 Qe4 23. f3 Qe6 24. Bd3 Ng6 25. Rae1 Qd7 26. Rxe8+ Kxe8 27. Re1+ Kf8 28. b4 a5 29. bxa5 Kg7 30. Rb1 Nce5 31. Be2 d3 32. Bd1 Qd4+ 33. Be3 Qh4 34. f4 Nxc4 35. Bd4+ Kg8 36. Qf2 Nxf4 37. Qxh4 Rxh4 38. Bc3 Ne3 39. Be1 Nh3+ 40. Kh1 Rf4 41. Bf3 Rxf3 42. Bc3 Rf2 43. Bd4 Re2 44. Bxe3 Rxe3 45. Kg2 Nxg5 46. Rxb7 d2 47. Rd7 Ne4 48. a6 Ra3 49. a7 Rxa4 50. Kf3 Kg7 51. Ke2 Ra2 52. Rc7 Ra1 53. Rd7 d1Q+ 54. Rxd1 Nc3+ 0-1

[Event "POL-ch Universities"]
[Site "Lublin"]
[Date "2024.02.24"]
[Round "5"]
[White "Koziorowicz, Michal"]
[Black "Janik, Igor"]
[Result "0-1"]
[WhiteElo "2324"]
[BlackElo "2499"]
[PlyCount "109"]
[EventDate "2024.02.23"]
[EventType "swiss"]
[EventRounds "9"]
[EventCountry "POL"]
[SourceTitle "CB10_2024"]
[SourceDate "2024.03.06"]
[SourceVersion "1"]
[SourceVersionDate "2024.03.06"]
[SourceQuality "1"]

1. d3 d6 2. Qd2 Qd7 3. Qe3 Qe6 4. Qxe6 Bxe6 5. Be3 Bd7 6. Bc1 Bc8 7. g3 c5 8. Bg2 Nc6 9. c3 g6 10. e4 Bg7 11. Be3 e6 12. f4 Nge7 13. Nf3 b6 14. Nbd2 Bb7 15. a4 Kd7 16. Kf2 d5 17. Ke2 Rhe8 18. Rhd1 f5 19. e5 Ba6 20. Bf1 Rec8 21. Ng5 h6 22. Nf7 Rf8 23. Nd6 Nc8 24. Nb5 Bb7 25. Rab1 a6 26. Na3 N8a7 27. b4 d4 28. cxd4 cxb4 29. Nac4 Nc8 30. d5 exd5 31. Nxb6+ Nxb6 32. Bxb6 a5 33. Nb3 Rfb8 34. Bg2 Ne7 35. Rdc1 Bc6 36. Bc5 Bf8 37. Bd6 Rc8 38. Nc5+ Ke8 39. Ne6 Kf7 40. Nxf8 Kxf8 41. Rxc6 Rxc6 42. Bxd5 Rc2+ 43. Kd1 Rac8 44. Bb3 Rxh2 45. Bc4 Ke8 46. Bb5+ Kd8 47. Bc4 Nc6 48. Bc5 Kc7 49. d4 Nxd4 50. Bxd4 Rd8 51. Bf7 Rxd4+ 52. Kc1 Rdd2 53. Rb3 Rdg2 54. Rd3 Rh1+ 55. Rd1 0-1

[Event "POL-ch Universities"]
[Site "Lublin"]
[Date "2024.02.23"]
[Round "1"]
[White "Koziorowicz, Michal"]
[Black "Wolak, Robert"]
[Result "1-0"]
[WhiteElo "2324"]
[BlackElo "1281"]
[PlyCount "39"]
[EventDate "2024.02.23"]
[EventType "swiss"]
[EventRounds "9"]
[EventCountry "POL"]
[SourceTitle "CB10_2024"]
[SourceDate "2024.03.06"]
[SourceVersion "1"]
[SourceVersionDate "2024.03.06"]
[SourceQuality "1"]

1. e4 c6 2. d4 d5 3. e5 Bf5 4. Nc3 e6 5. g4 Bg6 6. Nge2 c5 7. h4 h6 8. Nf4 Bh7 9. Be3 cxd4 10. Qxd4 Nc6 11. Qa4 a6 12. 0-0-0 b5 13. Bxb5 axb5 14. Qxb5 Qd7 15. Ncxd5 exd5 16. Nxd5 Rb8 17. Bb6 Nd4 18. Nc7+ Ke7 19. Bc5+ Kd8 20. Qxb8+ 1-0

[Event "Titled Tuesday intern op 06th Feb Late"]
[Site "Chess.com INT"]
[Date "2024.02.06"]
[Round "6"]
[White "Koziorowicz, Michal"]
[Black "Zeneli, Klendi"]
[Result "1-0"]
[WhiteElo "2324"]
[BlackElo "2177"]
[PlyCount "53"]
[EventDate "2024.02.06"]
[EventType "swiss (blitz)"]
[EventRounds "11"]
[EventCountry "USA"]
[SourceTitle "CB07_2024"]
[SourceDate "2024.02.14"]
[SourceVersion "1"]
[SourceVersionDate "2024.02.14"]
[SourceQuality "1"]

1. g4 d5 2. Bg2 Bxg4 3. c4 c6 4. Qb3 e6 5. Qxb7 Nd7 6. Nc3 Ngf6 7. d3 Qc8 8. Qb3 Rb8 9. Qc2 Bd6 10. Nf3 0-0 11. 0-0 e5 12. e4 d4 13. Ne2 Nc5 14. Ng3 Ne6 15. Kh1 Nh5 16. h3 Bxf3 17. Bxf3 Nhf4 18. Nf5 Qd7 19. Bg4 h5 20. Bxf4 hxg4 21. Bd2 gxh3 22. Rg1 g6 23. b3 Nf4 24. Bxf4 exf4 25. Qe2 Be5 26. Qg4 Bg7 27. Nh6+ 1-0

[Event "Titled Tuesday intern op 06th Feb Late"]
[Site "Chess.com INT"]
[Date "2024.02.06"]
[Round "9"]
[White "Przybylski, Wojciech"]
[Black "Koziorowicz, Michal"]
[Result "1-0"]
[WhiteElo "2308"]
[BlackElo "2324"]
[PlyCount "147"]
[EventDate "2024.02.06"]
[EventType "swiss (blitz)"]
[EventRounds "11"]
[EventCountry "USA"]
[SourceTitle "CB07_2024"]
[SourceDate "2024.02.14"]
[SourceVersion "1"]
[SourceVersionDate "2024.02.14"]
[SourceQuality "1"]

1. e4 e6 2. d4 d5 3. Nc3 Bb4 4. a3 Bxc3+ 5. bxc3 dxe4 6. Qg4 Kf8 7. Qxe4 Nf6 8. Qh4 Nc6 9. Nf3 b6 10. a4 Bb7 11. Bd3 Ne7 12. Ba3 Kg8 13. Ne5 Ng6 14. Qg5 Nd5 15. Qd2 Ndf4 16. f3 Qh4+ 17. g3 Nxe5 18. dxe5 Nxd3+ 19. Qxd3 Qh5 20. 0-0-0 h6 21. Rhf1 Qxe5 22. f4 Qd5 23. c4 Qxd3 24. Rxd3 Bc6 25. a5 bxa5 26. Rfd1 Kh7 27. Bc5 Kg6 28. Kb2 Rab8+ 29. Kc3 Rb7 30. Ra1 a4 31. g4 Rhb8 32. Rf1 Rb1 33. f5+ exf5 34. gxf5+ Kh7 35. Rf2 Ra1 36. Rg3 a3 37. Kd2 a2 38. Ra3 Rd8+ 39. Kc3 Be4 40. f6 g5 41. Rxa7 c6 42. Bd4 Kg6 43. Be5 h5 44. Rd2 Rxd2 45. Kxd2 h4 46. Bxa1 g4 47. Be5 Kf5 48. Bd6 Kxf6 49. Rxa2 Ke6 50. c5 Kd5 51. Ra7 f5 52. Ke3 Bxc2 53. Re7 Be4 54. Re5+ Kc4 55. Kf4 g3 56. hxg3 h3 57. Re6 h2 58. Rh6 h1Q 59. Rxh1 Bxh1 60. Kxf5 Kd5 61. g4 Be4+ 62. Kf6 Bh7 63. g5 Ke4 64. g6 Bg8 65. Kg7 Bd5 66. Kf8 Kf5 67. g7 Kf6 68. g8Q Bxg8 69. Kxg8 Kg6 70. Kf8 Kf6 71. Ke8 Ke6 72. Kd8 Kd5 73. Kc7 Kc4 74. Kxc6 1-0

[Event "Titled Tuesday intern op 23rd Jan Late"]
[Site "Chess.com INT"]
[Date "2024.01.23"]
[Round "1"]
[White "Koziorowicz, Michal"]
[Black "Obon Temprano, Sergi"]
[Result "0-1"]
[WhiteElo "2324"]
[BlackElo "2194"]
[PlyCount "124"]
[EventDate "2024.01.23"]
[EventType "swiss (blitz)"]
[EventRounds "11"]
[EventCountry "USA"]
[SourceTitle "CB05_2024"]
[SourceDate "2024.01.31"]
[SourceVersion "1"]
[SourceVersionDate "2024.01.31"]
[SourceQuality "1"]

1. e4 e6 2. Nc3 d5 3. Qe2 dxe4 4. Nxe4 Bd7 5. g3 Bc6 6. Bg2 Nd7 7. d4 Bxe4 8. Bxe4 c6 9. c3 Ngf6 10. Bg2 Be7 11. Nf3 0-0 12. 0-0 a5 13. Bd2 Qb6 14. b3 Rfd8 15. Rfe1 Nf8 16. Ne5 Ng6 17. Nc4 Qc7 18. h4 b5 19. Ne5 Nxe5 20. Qxe5 Qxe5 21. Rxe5 Rac8 22. Re2 b4 23. Rc1 bxc3 24. Bxc3 Bb4 25. Bxb4 axb4 26. Rc4 Nd5 27. Rec2 Ne7 28. Rxb4 h6 29. a4 Rb8 30. Rxb8 Rxb8 31. Rb2 Rb4 32. a5 Rxd4 33. a6 Rd1+ 34. Kh2 Ra1 35. Rd2 Rxa6 36. Rd7 Nd5 37. Rb7 Ra2 38. Kg1 Ra1+ 39. Kh2 Ra2 40. Bxd5 cxd5 41. Kg2 Rb2 42. Kf3 g6 43. h5 gxh5 44. Ke3 Kg7 45. f4 Kf6 46. Kf3 Kg6 47. Rb6 Kf5 48. Rb8 f6 49. Rb5 Rc2 50. Rb8 Rc3+ 51. Kg2 Ke4 52. b4 e5 53. fxe5 fxe5 54. b5 Rc2+ 55. Kf1 Rb2 56. b6 Kf3 57. Ke1 Ke3 58. Kd1 d4 59. b7 e4 60. Kc1 Rb4 61. Kc2 d3+ 62. Kc3 Rb1 0-1

[Event "Sunnyvale 1000 GM Thanksgiving IM1"]
[Site "Sunnyvale"]
[Date "2023.11.26"]
[Round "8"]
[White "Koziorowicz, Michal"]
[Black "Sun, Kevin"]
[Result "1-0"]
[WhiteElo "2272"]
[BlackElo "2033"]
[PlyCount "99"]
[EventDate "2023.11.22"]
[EventType "schev"]
[EventRounds "9"]
[EventCountry "USA"]
[SourceTitle "CB48_2023"]
[SourceDate "2023.11.29"]
[SourceVersion "1"]
[SourceVersionDate "2023.11.29"]
[SourceQuality "1"]

1. e4 c5 2. Nf3 d6 3. Bb5+ Nd7 4. d4 cxd4 5. Qxd4 a6 6. Bxd7+ Bxd7 7. Nc3 e5 8. Qd3 h6 9. Nd2 Rc8 10. Nc4 Be6 11. Ne3 Nf6 12. a4 Be7 13. 0-0 0-0 14. Rd1 Qc7 15. Bd2 Rfd8 16. Be1 Bc4 17. Nxc4 Qxc4 18. Qxc4 Rxc4 19. f3 Rdc8 20. Rd3 g5 21. Kf1 Kg7 22. Ke2 b5 23. axb5 axb5 24. Ra7 Kf8 25. b3 R4c5 26. Rb7 d5 27. exd5 Ne8 28. Rxb5 Rxb5 29. Nxb5 Rxc2+ 30. Bd2 Nd6 31. Nxd6 Bxd6 32. g4 Ke8 33. Ke3 Rb2 34. Ke4 Ke7 35. Kf5 Rb1 36. h3 Rb2 37. Ke4 Kf6 38. Bc3 Re2+ 39. Re3 Rc2 40. Kd3 Rc1 41. Re1 Rxe1 42. Bxe1 Ke7 43. b4 Kd7 44. Kc4 Kc7 45. Bf2 Be7 46. Bc5 Bf6 47. d6+ Kc6 48. b5+ Kd7 49. Kd5 Bg7 50. b6 1-0

[Event "Sunnyvale 1000 GM Thanksgiving IM1"]
[Site "Sunnyvale"]
[Date "2023.11.24"]
[Round "4"]
[White "Koziorowicz, Michal"]
[Black "Sivakumar, Shaaketh"]
[Result "0-1"]
[WhiteElo "2272"]
[BlackElo "2358"]
[PlyCount "116"]
[EventDate "2023.11.22"]
[EventType "schev"]
[EventRounds "9"]
[EventCountry "USA"]
[SourceTitle "CB48_2023"]
[SourceDate "2023.11.29"]
[SourceVersion "1"]
[SourceVersionDate "2023.11.29"]
[SourceQuality "1"]

1. e4 e6 2. d4 d5 3. Nc3 Bb4 4. e5 Ne7 5. a3 Bxc3+ 6. bxc3 c5 7. Qg4 Kf8 8. a4 Qc7 9. Bd2 b6 10. Nf3 Nbc6 11. Bd3 a5 12. 0-0 Ba6 13. Bb5 Nf5 14. Qf4 Bxb5 15. axb5 Nce7 16. Bc1 cxd4 17. Ba3 Kg8 18. cxd4 Qc3 19. Qd2 Rc8 20. Rfd1 h5 21. Kf1 Qxd2 22. Rxd2 Kh7 23. h3 Rc3 24. Ke2 h4 25. Bb2 Rc4 26. c3 Nc8 27. Rd3 Na7 28. Nd2 Rc7 29. Ra3 Rhc8 30. Rf3 a4 31. Rxa4 Nxb5 32. Rb4 Nxc3+ 33. Bxc3 Rxc3 34. Rd3 Rc2 35. Kd1 Rc1+ 36. Ke2 R8c6 37. Nf3 R1c4 38. Rb2 Ra4 39. Rdd2 Rcc4 40. Rxb6 Nxd4+ 41. Nxd4 Rxd4 42. Rxd4 Rxd4 43. f3 Rf4 44. Ke3 Rf5 45. Kd4 Kg6 46. Rb8 Rf4+ 47. Ke3 Kf5 48. Rh8 g6 49. Kf2 Kxe5 50. g3 hxg3+ 51. Kxg3 Rc4 52. h4 d4 53. Rf8 d3 54. Kf2 d2 55. Ke2 Rd4 56. Kd1 f6 57. Rf7 Kf5 58. Rf8 Rd3 0-1

[Event "Sunnyvale 1000 GM Thanksgiving IM1"]
[Site "Sunnyvale"]
[Date "2023.11.24"]
[Round "5"]
[White "Widjaja, Luke"]
[Black "Koziorowicz, Michal"]
[Result "0-1"]
[WhiteElo "1891"]
[BlackElo "2272"]
[PlyCount "68"]
[EventDate "2023.11.22"]
[EventType "schev"]
[EventRounds "9"]
[EventCountry "USA"]
[SourceTitle "CB48_2023"]
[SourceDate "2023.11.29"]
[SourceVersion "1"]
[SourceVersionDate "2023.11.29"]
[SourceQuality "1"]

1. e4 e5 2. Nf3 d6 3. d4 Nd7 4. Bc4 Be7 5. a4 Ngf6 6. Nc3 c6 7. a5 Qc7 8. 0-0 h6 9. Qe2 Nf8 10. dxe5 dxe5 11. Nh4 g6 12. f4 Ng4 13. f5 Bxh4 14. Qxg4 Be7 15. Be3 g5 16. Qh5 Rh7 17. h4 gxh4 18. Qg4 Qd6 19. Rfd1 Qf6 20. Nb5 cxb5 21. Bxb5+ Bd7 22. Rxd7 Nxd7 23. Qg8+ Bf8 24. Qxh7 0-0-0 25. Rd1 h3 26. g3 Bd6 27. Qxh6 Qxh6 28. Bxh6 Nf6 29. Re1 Rg8 30. Bf1 Bc5+ 31. Kh1 Rxg3 32. Kh2 Bf2 33. Re3 Ng4+ 34. Kh1 Rg1# 0-1

[Event "POL-ch U20"]
[Site "Chotowa"]
[Date "2023.10.30"]
[Round "8"]
[White "Sowinski, Pawel"]
[Black "Koziorowicz, Michal"]
[Result "0-1"]
[WhiteElo "2322"]
[BlackElo "2288"]
[PlyCount "110"]
[EventDate "2023.10.24"]
[EventType "swiss"]
[EventRounds "9"]
[EventCountry "POL"]
[SourceTitle "Mega2024 Update 01"]
[Source "Chessbase"]
[SourceDate "2023.11.12"]
[SourceVersion "1"]
[SourceVersionDate "2023.11.12"]
[SourceQuality "1"]
[WhiteTeam "Poland"]
[BlackTeam "Poland"]
[WhiteTeamCountry "POL"]
[BlackTeamCountry "POL"]

1. d4 e6 2. c4 Nf6 3. Nf3 c5 4. d5 b5 5. Bg5 exd5 6. cxd5 c4 7. Qc2 Bb4+ 8. Nc3 h6 9. Bxf6 Qxf6 10. 0-0-0 a6 11. Qe4+ Kd8 12. Qd4 Qxd4 13. Nxd4 d6 14. e4 Re8 15. f3 Kc7 16. a4 Kb6 17. axb5 Bxc3 18. bxc3 axb5 19. Kb2 Na6 20. Ra1 Bd7 21. g4 Nc5 22. Be2 Na4+ 23. Kc2 Kc5 24. Rab1 Reb8 25. Nf5 Bxf5 26. gxf5 f6 27. Rhg1 Rb7 28. f4 Re7 29. Bd1 Rxe4 30. Rxg7 Rxf4 31. Kd2 Rxf5 32. Rc7+ Kxd5 33. Bg4 Rf4 34. Bd7 Ra6 35. Bxb5 Rb6 36. Rb4 Nc5 37. Ke3 Rxb5 38. Rxb5 Rh4 39. Rf7 Rh3+ 40. Kf4 Ke6 41. Rh7 f5 42. Rxc5 dxc5 43. Rh8 Rxh2 44. Rc8 Kd5 45. Rd8+ Kc6 46. Kxf5 Rh3 47. Rc8+ Kb5 48. Ke4 Rd3 49. Rh8 h5 50. Rxh5 Rxc3 51. Rh8 Rd3 52. Rb8+ Ka4 53. Rb7 Rd8 54. Rc7 Kb4 55. Rb7+ Kc3 0-1

[Event "POL-ch U20"]
[Site "Chotowa"]
[Date "2023.10.29"]
[Round "7"]
[White "Koziorowicz, Michal"]
[Black "Turski, Bartlomiej"]
[Result "0-1"]
[WhiteElo "2288"]
[BlackElo "2334"]
[PlyCount "90"]
[EventDate "2023.10.24"]
[EventType "swiss"]
[EventRounds "9"]
[EventCountry "POL"]
[SourceTitle "Mega2024 Update 01"]
[Source "Chessbase"]
[SourceDate "2023.11.12"]
[SourceVersion "1"]
[SourceVersionDate "2023.11.12"]
[SourceQuality "1"]

1. e4 c5 2. Nc3 e6 3. Nf3 d6 4. d4 cxd4 5. Nxd4 Nf6 6. Bg5 Nc6 7. Qd3 Bd7 8. 0-0-0 a6 9. f4 Be7 10. Be2 Rc8 11. Bf3 Qb6 12. Nxc6 Bxc6 13. e5 dxe5 14. fxe5 Nd5 15. Bxe7 Nxe7 16. Bxc6+ Qxc6 17. h4 0-0 18. h5 h6 19. g4 Qc4 20. Rhg1 Qf4+ 21. Kb1 Nc6 22. g5 Rcd8 23. Qh3 Rxd1+ 24. Nxd1 hxg5 25. Ne3 Nxe5 26. h6 Qh4 27. Qf1 gxh6 28. Qf6 Nd7 29. Qf3 Qd4 30. Rd1 Ne5 31. Qh3 Qh4 32. Qg2 Qf4 33. Qh3 g4 34. Rg1 Kh7 35. Nxg4 Rg8 36. Rf1 Qxg4 37. Qe3 Rg5 38. b3 Kg7 39. Qb6 Qg2 40. Rd1 h5 41. Qd8 h4 42. Qe8 Nc6 43. Rd7 Qf1+ 44. Kb2 Qf6+ 45. c3 Qf2+ 0-1

[Event "POL-ch U20"]
[Site "Chotowa"]
[Date "2023.10.26"]
[Round "4"]
[White "Janeczko, Jakub"]
[Black "Koziorowicz, Michal"]
[Result "0-1"]
[WhiteElo "2280"]
[BlackElo "2288"]
[PlyCount "64"]
[EventDate "2023.10.24"]
[EventType "swiss"]
[EventRounds "9"]
[EventCountry "POL"]
[SourceTitle "Mega2024 Update 01"]
[Source "Chessbase"]
[SourceDate "2023.11.12"]
[SourceVersion "1"]
[SourceVersionDate "2023.11.12"]
[SourceQuality "1"]

1. e4 e5 2. Nf3 d6 3. d4 Nd7 4. Nc3 Ngf6 5. Bc4 Be7 6. 0-0 c6 7. a4 Qc7 8. Re1 h6 9. b3 Nf8 10. a5 g5 11. a6 b6 12. d5 b5 13. Bf1 b4 14. Na4 cxd5 15. exd5 Ng6 16. Bb5+ Bd7 17. Bxd7+ Qxd7 18. Nd2 Nf4 19. Ne4 N4xd5 20. Qd3 Kf8 21. Bb2 Qf5 22. Rad1 Nf4 23. Qf3 Nxe4 24. Rxe4 Rc8 25. Rxb4 Rxc2 26. Rb7 g4 27. Qe3 Re2 28. Nc3 Rxe3 29. fxe3 Nh3+ 30. gxh3 gxh3 31. Rb8+ Kg7 32. Rxh8 Qc2 0-1

[Event "POL-chT 2nd League"]
[Site "Jastrzebia Gora"]
[Date "2023.09.09"]
[Round "8.7"]
[White "Koziorowicz, Michal"]
[Black "Niekras, Dawid"]
[Result "0-1"]
[WhiteElo "2321"]
[BlackElo "2298"]
[PlyCount "76"]
[EventDate "2023.09.02"]
[EventType "team-swiss"]
[EventRounds "9"]
[EventCountry "POL"]
[SourceTitle "EXT 2024"]
[Source "ChessBase"]
[SourceDate "2023.10.10"]
[SourceVersion "1"]
[SourceVersionDate "2023.10.10"]
[SourceQuality "1"]
[WhiteTeam "Krakow KKSz"]
[BlackTeam "Lipno Steszew"]
[WhiteTeamCountry "POL"]
[BlackTeamCountry "POL"]

1. e4 c5 2. Nf3 d6 3. Bb5+ Nd7 4. d4 cxd4 5. Qxd4 a6 6. Bxd7+ Bxd7 7. Nc3 e5 8. Qd3 h6 9. Nd2 Rc8 10. Nc4 Qc7 11. Ne3 Nf6 12. 0-0 Be6 13. a4 Be7 14. Rd1 0-0 15. a5 Rfd8 16. Ra4 Bf8 17. Ned5 Bxd5 18. exd5 g6 19. Qh3 Qd7 20. Qh4 Nh5 21. Rb4 Be7 22. Qe4 f5 23. Qe2 Bg5 24. Bxg5 hxg5 25. g3 Nf6 26. Qd2 g4 27. Na4 Rc7 28. Qg5 Kg7 29. Nb6 Qe7 30. Nc4 Ne4 31. Qxe7+ Rxe7 32. Rb6 Rc7 33. Ne3 Kf6 34. Kg2 Rh8 35. c4 Kg5 36. b3 Rch7 37. h4+ gxh3+ 38. Kf3 Nc3 0-1

[Event "POL-chT 2nd League"]
[Site "Jastrzebia Gora"]
[Date "2023.09.07"]
[Round "6.1"]
[White "Koziorowicz, Michal"]
[Black "Maciejczak, Jakub"]
[Result "0-1"]
[WhiteElo "2321"]
[BlackElo "2360"]
[PlyCount "118"]
[EventDate "2023.09.02"]
[EventType "team-swiss"]
[EventRounds "9"]
[EventCountry "POL"]
[SourceTitle "EXT 2024"]
[Source "ChessBase"]
[SourceDate "2023.10.10"]
[SourceVersion "1"]
[SourceVersionDate "2023.10.10"]
[SourceQuality "1"]
[WhiteTeam "Krakow KKSz"]
[BlackTeam "Ostrow Wielkopolski"]
[WhiteTeamCountry "POL"]
[BlackTeamCountry "POL"]

1. e4 c6 2. d4 d5 3. e5 Bf5 4. h4 h6 5. g4 Bd7 6. c4 e6 7. Nc3 Ne7 8. c5 b6 9. b4 a5 10. Na4 Nc8 11. Bd2 axb4 12. Bxb4 Na6 13. Bxa6 Rxa6 14. Qb3 b5 15. Nc3 Be7 16. Nf3 f6 17. Ke2 fxe5 18. Nxe5 0-0 19. g5 h5 20. Qd1 Be8 21. Qd3 Nb6 22. Rhf1 Nc4 23. f4 Rf5 24. Nd1 Nxe5 25. fxe5 Bg6 26. Rxf5 Bxf5 27. Qg3 Qe8 28. Nf2 Qg6 29. a3 Bd8 30. Nd3 Ra7 31. Kd2 Bg4 32. Rf1 Ra8 33. Qe3 Bc7 34. Nf4 Qe8 35. Ne2 Ba5 36. Nc3 Bxb4 37. axb4 Qg6 38. Qd3 Bf5 39. Qf3 Ra3 40. Qd1 Bd3 41. Rf3 Bf5 42. Rf1 Qe8 43. Rf2 Bh7 44. Rf3 Qg6 45. Ke2 Ra7 46. Qc1 Rf7 47. Rxf7 Qd3+ 48. Kf2 Kxf7 49. Ne2 Bf5 50. Qe3 Qc2 51. Qc3 Qe4 52. Qg3 Kg8 53. Qf4 Qc2 54. g6 Bxg6 55. Qg5 Kh7 56. Ke1 Qb1+ 57. Kf2 Qxb4 58. Qe7 Qd2 59. Qg5 Qxg5 0-1

[Event "POL-chT 2nd League"]
[Site "Jastrzebia Gora"]
[Date "2023.09.02"]
[Round "1.31"]
[White "Jaskolka, Tomasz"]
[Black "Koziorowicz, Michal"]
[Result "1-0"]
[WhiteElo "2228"]
[BlackElo "2321"]
[PlyCount "83"]
[EventDate "2023.09.02"]
[EventType "team-swiss"]
[EventRounds "9"]
[EventCountry "POL"]
[SourceTitle "EXT 2024"]
[Source "ChessBase"]
[SourceDate "2023.10.10"]
[SourceVersion "1"]
[SourceVersionDate "2023.10.10"]
[SourceQuality "1"]
[WhiteTeam "Rzeszow Szachownica"]
[BlackTeam "Krakow KKSz"]
[WhiteTeamCountry "POL"]
[BlackTeamCountry "POL"]

1. d4 Nf6 2. c4 g6 3. g3 Bg7 4. Bg2 0-0 5. Nc3 d6 6. Nf3 Nc6 7. 0-0 e5 8. dxe5 Nxe5 9. Nxe5 dxe5 10. Qxd8 Rxd8 11. Bg5 Rd4 12. Be3 Rxc4 13. Rfd1 Be6 14. Bxb7 Rb8 15. Ba6 Rcb4 16. b3 Bf8 17. Na4 Ng4 18. Bd2 Rd4 19. Ba5 c5 20. Rdc1 Bc8 21. Bc4 e4 22. Bc3 Bd7 23. Bxd4 cxd4 24. Rd1 Bxa4 25. bxa4 d3 26. exd3 Rb2 27. Rab1 Rc2 28. Rbc1 Rb2 29. Rf1 e3 30. fxe3 Bh6 31. Rf4 Nxe3 32. Bxf7+ Kg7 33. Rf3 Ng4 34. Re1 Bg5 35. Be6 Nf6 36. Rf2 Rb4 37. h4 Bh6 38. Bc4 Rb7 39. Rfe2 Kf8 40. Re6 Bg7 41. g4 Rb8 42. g5 1-0

[Event "Titled Tuesday intern op 29th Aug Late"]
[Site "Chess.com INT"]
[Date "2023.08.29"]
[Round "3"]
[White "Koziorowicz, Michal"]
[Black "Lopez Idarraga, Daniel Eduardo"]
[Result "0-1"]
[WhiteElo "2319"]
[BlackElo "2009"]
[PlyCount "78"]
[EventDate "2023.08.29"]
[EventType "swiss (blitz)"]
[EventRounds "11"]
[EventCountry "USA"]
[SourceTitle "EXT 2024"]
[Source "ChessBase"]
[SourceDate "2023.10.10"]
[SourceVersion "1"]
[SourceVersionDate "2023.10.10"]
[SourceQuality "1"]

1. Na3 d5 2. e4 dxe4 3. d3 Nf6 4. Bg5 Nbd7 5. Qd2 g6 6. 0-0-0 Bg7 7. h4 h6 8. Be3 c6 9. Nh3 Qc7 10. dxe4 Nxe4 11. Qb4 Nd6 12. Bd3 a5 13. Qd2 Nf6 14. Nc4 Nd5 15. Bc5 0-0 16. h5 g5 17. f4 Nxc4 18. Bxc4 Nxf4 19. Nxf4 Qxf4 20. Qxf4 gxf4 21. Bxe7 Re8 22. Bd6 Bg4 23. Rde1 f3 24. Rxe8+ Rxe8 25. Rf1 Bxh5 26. gxf3 b5 27. Bd3 Bg6 28. a4 Bxd3 29. cxd3 bxa4 30. Bc7 Re2 31. Bxa5 Bxb2+ 32. Kb1 a3 33. Rg1+ Kh7 34. Rg4 a2+ 35. Kxa2 Bc3+ 36. Kb3 Bxa5 37. Rc4 Re3 38. Rxc6 Rxd3+ 39. Kc4 Rc3+ 0-1

[Event "Titled Tuesday intern op 22nd Aug Late"]
[Site "Chess.com INT"]
[Date "2023.08.22"]
[Round "9"]
[White "Koziorowicz, Michal"]
[Black "Morales Garcia, Sergio Joshafatt"]
[Result "1/2-1/2"]
[WhiteElo "2319"]
[BlackElo "2221"]
[PlyCount "143"]
[EventDate "2023.08.22"]
[EventType "swiss (blitz)"]
[EventRounds "11"]
[EventCountry "USA"]
[SourceTitle "EXT 2024"]
[Source "ChessBase"]
[SourceDate "2023.10.10"]
[SourceVersion "1"]
[SourceVersionDate "2023.10.10"]
[SourceQuality "1"]

1. d4 d5 2. c4 c6 3. Nf3 Nf6 4. Nc3 e6 5. e3 Nbd7 6. Be2 Bd6 7. 0-0 dxc4 8. a4 0-0 9. Nd2 e5 10. Nxc4 Bc7 11. b3 Re8 12. Ba3 exd4 13. exd4 Nb6 14. Bf3 Bf5 15. Ne3 Bg6 16. d5 Be5 17. Bb2 Nbxd5 18. Nexd5 Nxd5 19. Rc1 Nxc3 20. Bxc3 Bxc3 21. Rxc3 Qxd1 22. Rxd1 Rad8 23. Rcc1 Kf8 24. g3 Rxd1+ 25. Rxd1 Ke7 26. Rd2 Rd8 27. Re2+ Kd6 28. Kg2 Rd7 29. Bg4 f5 30. Bf3 Kc5 31. Re3 Bf7 32. h4 Kb4 33. Re5 g6 34. h5 Bxb3 35. hxg6 hxg6 36. a5 Bd5 37. Bxd5 Rxd5 38. Re7 Rb5 39. a6 bxa6 40. Rxa7 a5 41. Kf3 g5 42. Ke3 a4 43. Kd2 Kb3 44. Kc1 c5 45. f4 g4 46. Rf7 c4 47. Kb1 a3 48. Ka1 Kc2 49. Rc7 c3 50. Ka2 Kd2 51. Rd7+ Ke2 52. Rc7 Kd3 53. Rd7+ Kc2 54. Kxa3 Ra5+ 55. Kb4 Ra1 56. Rc7 Rb1+ 57. Kc4 Kd2 58. Kd4 c2 59. Ke5 c1Q 60. Rxc1 Rxc1 61. Kxf5 Ke3 62. Kxg4 Rc8 63. Kg5 Rg8+ 64. Kh4 Kf3 65. f5 Rxg3 66. f6 Rg8 67. Kh5 Ke4 68. f7 Rb8 69. Kg6 Ke5 70. Kg7 Rb7 71. Kg8 Rxf7 72. Kxf7 1/2-1/2

[Event "Titled Tuesday intern op 22nd Aug Late"]
[Site "Chess.com INT"]
[Date "2023.08.22"]
[Round "1"]
[White "Koziorowicz, Michal"]
[Black "Romero Ruscalleda, Josep"]
[Result "1-0"]
[WhiteElo "2319"]
[BlackElo "2160"]
[PlyCount "111"]
[EventDate "2023.08.22"]
[EventType "swiss (blitz)"]
[EventRounds "11"]
[EventCountry "USA"]
[SourceTitle "EXT 2024"]
[Source "ChessBase"]
[SourceDate "2023.10.10"]
[SourceVersion "1"]
[SourceVersionDate "2023.10.10"]
[SourceQuality "1"]

1. d4 g6 2. c4 Bg7 3. Nc3 d6 4. e4 e5 5. Nf3 Nc6 6. Be3 exd4 7. Nxd4 Nge7 8. Be2 0-0 9. 0-0 f5 10. Qd2 fxe4 11. Nxe4 Nf5 12. Nxc6 bxc6 13. Bg5 Qe8 14. Ng3 Nd4 15. Rae1 Qf7 16. b3 a5 17. Bd3 a4 18. Re7 axb3 19. Rxf7 Rxf7 20. axb3 Nxb3 21. Qe3 Nc5 22. Be2 Ra2 23. Bf3 Bd7 24. Ne4 Ne6 25. Qb3 Rb2 26. Qa3 d5 27. cxd5 cxd5 28. Nf6+ Rxf6 29. Qxb2 Rxf3 30. Qa2 Rd3 31. h4 h6 32. Bc1 Kh7 33. Bb2 Bf8 34. Qa6 Rd2 35. Bc3 Nc5 36. Qf6 d4 37. Bxd4 Rxd4 38. Qxd4 Bd6 39. h5 gxh5 40. Re1 Kg6 41. Re3 Ne6 42. Qd5 Nf4 43. Qe4+ Kg7 44. Rf3 Ng6 45. Qd4+ Kg8 46. Qd5+ Kg7 47. Qf7+ Kh8 48. Qxg6 h4 49. Qxh6+ Kg8 50. Qg6+ Kh8 51. Qh5+ Kg7 52. Qg5+ Kh7 53. Qxh4+ Kg7 54. Qg5+ Kh7 55. Rf7+ Kh8 56. Qg7# 1-0